| 000 | 00846nam a22003250a 4500 | ||
|---|---|---|---|
| 001 | PT45756 | ||
| 003 | AR-LpoUNG | ||
| 005 | 20210131231101.0 | ||
| 008 | 191001s2009||||ag |||||||||||||||||spa d | ||
| 020 |
_a9789871450565 _c$37 |
||
| 040 |
_aAR-LpoUNG _bspa _cAR-LpoUNG _eaacr |
||
| 041 |
_aspa _aeng |
||
| 044 | _aag | ||
| 082 | 0 | _a909 186par | |
| 100 | 1 |
_aCampagno, Marcelo _eed. |
|
| 245 | 1 | 0 | _aParentesco, patronazgo y Estado en las sociedades antiguas |
| 250 | _a1§ ed. | ||
| 260 |
_aBuenos Aires : _bFacultad de Filosofía y Letras, _c2009. |
||
| 300 |
_a351 p. : _bil., tbls., gráfs. |
||
| 650 | 4 | _aASPECTOS POLITICOS | |
| 650 | 4 | _aCIVILIZACION | |
| 650 | 4 | _aELITE | |
| 650 | 4 | _aESTADO | |
| 650 | 4 | _aHISTORIA | |
| 650 | 4 | _aSISTEMA SOCIAL | |
| 650 | 4 | _aSOCIEDAD | |
| 651 | 4 | _aMundial | |
| 905 | _a45756 | ||
| 942 | _cLIB | ||
| 999 |
_c7922 _d7922 |
||